00786nam a2200193Ia 4500003000900000008004100009040001600050080001800066100002000084245023300104260005200337300001300389650003100402650003100433650002700464650004300491700002700534700003100561IN-BaIIA211028s9999 xx 000 0 eng d cIIA Library a083.3:52bDAV aDavis, Robert J 0aCelescope catalog of ultraviolet stellar observationsb5068 objects measured by the Smithsonian experiment board the Orbiting Astronomical Observatory (OAO-2)cRobert J. Davis, William A. Deutschman and Katherine L. Haramundanis aWashingtonbSmithsonian Institution Pressc1973 av, 248p. a Catalogue-Observations  a Observations catalogue  a Stellar observations aAstronomy and Astrophysics Thesaurus  aDeutschman, William A. aHaramundanis, Katherine L.